Statistics for august - Taylor Swift (All Lyrics)

Click here to take the quiz!

General Stats

  • This quiz has been taken 26 times
  • The average score is 393 of 413

Answer Stats

Lyrics% Correct
a
100%
(And
100%
and
100%
And
100%
August
100%
away
100%
can
100%
'Cause
100%
do
100%
door
100%
I
100%
in
100%
like
100%
me,
100%
me
100%
memory
100%
mine
100%
my
100%
never
100%
Never
100%
"Never
100%
of
100%
on
100%
rust
100%
see
100%
the
100%
us
100%
"us"
100%
we
100%
were
100%
when
100%
You
100%
you
100%
Your
100%
your
100%
air,
96%
anything
96%
bottle
96%
But
96%
For
96%
for
96%
(For
96%
it
96%
lose
96%
lose,
96%
lost
96%
moment
96%
more
96%
needed
96%
Salt
96%
say,
96%
slipped
96%
So
96%
time
96%
to
96%
To
96%
was
96%
Whispers
96%
all,
91%
all
91%
all)
91%
"Are
91%
bedsheets
91%
behind
91%
call?
91%
call?)
91%
call
91%
Cancel
91%
car")
91%
car"
91%
case
91%
enough
91%
ever
91%
hope
91%
just
91%
livin'
91%
mall")
91%
mall"
91%
("Meet
91%
"Meet
91%
plans
91%
remember
91%
(Remember
91%
remember?
91%
Remember
91%
said
91%
sure?"
91%
twisted
91%
weren't
91%
wine
91%
you'd
91%
back
87%
(Back
87%
Back
87%
before"
87%
beneath
87%
"Get
87%
have
87%
live
87%
love
87%
much
87%
sun
87%
better
83%
canceled
83%
changin'
83%
could
83%
had
83%
name
83%
no
83%
pulled
83%
still
83%
summer
83%
then
83%
up
83%
Wanting
83%
Wishin'
83%
write
83%
you're
83%
at
78%
saying
78%
into
74%
school
74%
sipped
74%
thinkin'
74%
Will
70%

Score Distribution

Percentile by Number Answered

Percent of People with Each Score

Your Score History

You have not taken this quiz